Writing better lyrics : (Record no. 1015)
[ view plain ]
| 000 -LEADER | |
|---|---|
| fixed length control field | 02351cam a2200313 a 4500 |
| 005 - DATE AND TIME OF LATEST TRANSACTION | |
| control field | 20260322212043.0 |
| 008 - FIXED-LENGTH DATA ELEMENTS--GENERAL INFORMATION | |
| fixed length control field | data |
| 010 ## - LIBRARY OF CONGRESS CONTROL NUMBER | |
| LC control number | 2009019233 |
| 015 ## - NATIONAL BIBLIOGRAPHY NUMBER | |
| National bibliography number | GBA997269 |
| Source | bnb |
| 016 7# - NATIONAL BIBLIOGRAPHIC AGENCY CONTROL NUMBER | |
| Record control number | 015385829 |
| Source | Uk |
| 020 ## - INTERNATIONAL STANDARD BOOK NUMBER | |
| International Standard Book Number | 9781582975771 (pbk. : alk. paper) |
| 020 ## - INTERNATIONAL STANDARD BOOK NUMBER | |
| International Standard Book Number | 1582975779 (pbk. : alk. paper) |
| 040 ## - CATALOGING SOURCE | |
| Original cataloging agency | DLC |
| Transcribing agency | DLC |
| Modifying agency | DLC |
| -- | BWX |
| -- | QBX |
| -- | YDXCP |
| -- | UKM |
| -- | CRH |
| -- | DLC |
| 050 00 - LIBRARY OF CONGRESS CALL NUMBER | |
| Classification number | MT67 |
| Item number | .P383 2009 |
| 082 00 - DEWEY DECIMAL CLASSIFICATION NUMBER | |
| Classification number | 782.42164/0268 |
| Edition information | 22 |
| 092 ## - LOCALLY ASSIGNED DEWEY CALL NUMBER (OCLC) | |
| Classification number | 782.42 P383 2009 |
| 001 - CONTROL NUMBER | |
| control field | data |
| 100 1# - MAIN ENTRY--PERSONAL NAME | |
| Personal name | Pattison, Pat. |
| 245 10 - TITLE STATEMENT | |
| Title | Writing better lyrics : |
| Remainder of title | the essential guide to powerful songwriting / |
| Statement of responsibility, etc. | Pat Pattison. |
| 250 ## - EDITION STATEMENT | |
| Edition statement | 2nd ed. |
| 260 ## - PUBLICATION, DISTRIBUTION, ETC. | |
| Place of publication, distribution, etc. | Cincinnati : |
| Name of publisher, distributor, etc. | Writer's Digest Books, |
| Date of publication, distribution, etc. | c2009. |
| 300 ## - PHYSICAL DESCRIPTION | |
| Extent | vi, 298 p. : |
| Other physical details | music ; |
| Dimensions | 22 cm. |
| 504 ## - BIBLIOGRAPHY, ETC. NOTE | |
| Bibliography, etc. note | Includes bibliographical references (p. 292-293) and index. |
| 505 0# - FORMATTED CONTENTS NOTE | |
| Formatted contents note | Foreword / Gillian Welch -- Introduction -- 1. Object writing : the art of the diver -- 2. Rusty's collar : a lesson in showing and telling -- 3. Making metaphors -- 4. Learning to say no : building worksheets -- 5. Clichés : the sleeping puppy (a case study) -- 6. Productive repetition -- 7. Verse development and power positions -- 8. Travelogues : verse continuity -- 9. Stripping your repetition for repainting -- 10. Perspectives -- 11. Point of view : second person and the hangman -- 12. Point of view : second person as narrative -- 13. Dialogue and point of view -- 14. Meter : something in common -- 15. Spotlighting with common meter -- 16. Meter : two by two -- 17. Managing couplets -- 18. Prosody : structure as film score -- 19. Understanding motion -- 20. Form follows function : building the perfect beast -- 21. The great balancing act : courting danger on the high wire -- 22. Song forms : (im) potent packages -- 23. Song forms : (im) potent packages II -- 24. Process -- Appendix. Co-writing : the "no"-free zone -- Permissions -- Index. |
| 650 #0 - SUBJECT ADDED ENTRY--TOPICAL TERM | |
| Topical term or geographic name entry element | Lyric writing (Popular music) |
| 906 ## - LOCAL DATA ELEMENT F, LDF (RLIN) | |
| a | 7 |
| b | cbc |
| c | orignew |
| d | 1 |
| e | ecip |
| f | 20 |
| g | y-gencatlg |
| 925 0# - | |
| -- | acquire |
| -- | 2 shelf copies |
| -- | policy default |
| -- | claim2 2010-09-10 |
| -- | claim2 2010-09-10 |
| 955 ## - COPY-LEVEL INFORMATION (RLIN) | |
| -- | vl39 2010-10-14 to BCCD |
| -- | vl34 2010-10-08 Z-CipVer MCIP to Music |
| -- | vl39 2010-10-14 to BCCD |
| -- | vk05 2010-11-17 to Music Division copy 2 |
| Withdrawn status | Lost status | Damaged status | Not for loan | Home library | Current library | Shelving location | Date acquired | Total checkouts | Full call number | Barcode | Date last seen | Price effective from | Koha item type |
|---|---|---|---|---|---|---|---|---|---|---|---|---|---|
| Franklin | Franklin | General stacks | 22/03/2026 | 782.42164/0268 22 | BC0011048 | 22/03/2026 | 22/03/2026 | Books |